Mniejsza czy większa ludność państwa? - quiz wielokrotnego wyboru - Statystyki

Ogólne statystyki
  • Ten quiz został rozwiązany 17 razy
  • Średni wynik to 6 z 10
Statystyki odpowiedzi
Zagadnienie Odpowiedź % Poprawnych
Oman ma populację 3 312 000, czy Irlandia ma Większą populacje
76%
Korea Północna ma populację 22 757 275, czy Rumunia ma Mniejszą populacje
71%
Sri Lanka ma populację 20 010 000, czy Madagaskar ma Większą populacje
71%
Kirgistan ma populację 5 357 000, czy Sierra Leone ma Większą populacje
71%
Laos ma populację 6 521 998, czy Papua Nowa-Gwinea ma Mniejszą populacje
59%
Boliwia ma populację 9 248 000, czy Chile ma Większą populacje
59%
Czechy mają populację 10 532 770, czy Węgry mają Mniejszą populacje
53%
Tajlandia ma populację 65 493 000, czy Francja ma Większą populacje
53%
Polska ma populację 38 200 037, czy Irak ma Mniejszą populacje
29%
Niger ma populację 15 306 252, czy Kazachstan ma Mniejszą populacje
29%
Nie znaleziono quizów pasujących do podanych kryteriów
Rozkład punktacji
Procent ludzi z każdym wynikiem
Percentyl według liczby udzielonych odpowiedzi
Twoja historia wyników
Nie rozwiązałeś tego quizu